000 00590cam5a220021700 4500
001 zam00003662
008 951128s1976 xx eng u
035 _a(Sirsi) r20981
035 _a(MACHINE)SLC.
100 _aFaber, H.
_6A82574.1
245 1 0 _aPsychology of Religion.
260 _c1976.
949 _aBF175
_wlcc
_c 1
_mMAIN
_p2500
_tSHORTLOAN
_lSHORTLOAN
004 20981
591 _aClass code: RS 920.
591 _aCourse: Psychology of religion.
591 _aSchool: S03.
591 _aLecturer: Fr. CARMODY, B.P.
591 _aNumber of Students: 32.
909 _aBook
999 _c8547
_d8547